000 00940cam a22002774a 4500
001 13884571
005 20180301072603.0
008 050228s2006 maua j b 001 0 eng
010 _a 2005042917
020 _a0205417973
035 _a(OCoLC)ocm58451960
040 _aDLC
_cDLC
_dYDX
_dBAKER
_dJP3
_dDLC
041 _aeng
042 _apcc
043 _an-us---
080 _a372.7 JOH
082 0 0 _a372.7 JOH
_222
100 1 _a25
101 _aEDU
245 1 0 _aTeaching student-centered mathematics.
_pGrades 5-8 /
_cJohn A. Van de Walle, LouAnn H. Lovin.
504 _aIncludes bibliographical references (p. 368-371) and index.
800 1 _aVan de Walle, John A.
_tVan de Walle professional mathematics series ;
_vv. 3.
906 _a7
_bcbc
_corignew
_d1
_eocip
_f20
_gy-gencatlg
942 _2ddc
_cBK
999 _c43835
_d43835